El difunto Matías Pascal
Sparad:
| Huvudupphovsman: | |
|---|---|
| Materialtyp: | Bok |
| Språk: | spanska |
| Publicerad: |
Buenos Aires
Compañía General Fabril
1963
|
| Serie: | Los Libros de Marisol
|
| Ämnen: | |
| Taggar: |
Lägg till en tagg
Inga taggar, Lägg till första taggen!
|
MARC
| LEADER | 00000nam a2200000 a 4500 | ||
|---|---|---|---|
| 001 | UCQ2246 | ||
| 003 | CL-VaPUC | ||
| 008 | 980724e19630000AG |||||||||||||||||spa|d | ||
| 082 | 0 | 4 | |a 853 |b PIR |2 21 |
| 100 | 0 | |a Pirandello, Luigi |e author |9 338032 | |
| 245 | 1 | 3 | |a El difunto Matías Pascal |
| 300 | |a 241 p | ||
| 942 | |c BK | ||
| 945 | |d 19980724 00:00:00 |a lriquelm | ||
| 260 | |a Buenos Aires |b Compañía General Fabril |c 1963 | ||
| 650 | 0 | |a Novela italiana |9 265740 | |
| 650 | 0 | |a Literatura italiana |9 266970 | |
| 583 | |a last modification |c 19980724 00:00:00 |k Rodrigo Vera | ||
| 490 | 0 | |a Los Libros de Marisol | |
| 999 | |c 273083 |d 273081 | ||
| 952 | |0 0 |1 0 |4 0 |6 853_000000000000000_PIR_1963 |7 0 |8 A |9 308368 |a BIBEDU |b BIBEDU |d 2019-11-20 |i 1443909 |o 853 PIR 1963 |p 1443909 |r 2019-11-20 |w 2019-11-20 |y BK |k LIT | ||